| 000 | 01193nam a22002657a 4500 | ||
|---|---|---|---|
| 999 |
_c63588 _d63588 |
||
| 005 | 20240530110649.0 | ||
| 008 | 171114s2015 ua a g 000 0 ara d | ||
| 017 |
_a2005/19514 _bمصر. دار الكتب |
||
| 020 | _a9773372146 | ||
| 040 |
_aEG-CaGPL _cEG-CaGPL |
||
| 082 | 0 | 4 |
_221 _a658.16 / _bخ إ |
| 110 | 0 | _aخبراء مركز الخبرات المهنية للادارة بميك | |
| 245 | 1 | 0 |
_aادارة المنظمات فى ظل المتغيرات العالمية / _cاعداد المادة العلمية خبراء مركز الخبرات المهنية للادارة بميك ؛ عبدالرحمن توفيق |
| 260 |
_aالقاهرة : _bمركز الخبرات المهنية للادارة (ببميك) ، _c2015. |
||
| 300 |
_a51 ص. : _bايض ؛ _c32 سم. |
||
| 490 | 0 |
_aالمناهج التدريبية ؛ _v61 |
|
| 650 | 0 | 7 |
_2qrmak _aالادارة التنفيذية |
| 650 | 0 | 7 |
_2qrmak _aالتوجية الادارى |
| 650 | 0 | 7 |
_2qrmak _aالاداريون |
| 651 | _2qrmak | ||
| 653 | 0 | _aالمنظمات - ادارة | |
| 700 | 0 |
_aعبدالرحمن توفيق _eمستشار |
|
| 942 |
_2ddc _cBK |
||